000 00513nmm a2200181Ia 4500
008 251105s9999||||xx |||||||||||||||||und||
020 _a9789580614203
041 _aspa
100 _aCarrillo Vega, César Augusto
245 0 _aPienso luego...
264 _a[Bogotá, Colombia] :
_bOveja Negra,
_c2019
300 _a259 páginas
650 _aEducation
700 _aCarrillo Vega, César Augusto
700 1 _a Rey, Jorge Emilio
856 _uhttps://public.digitaliapublishing.com/a/60693
942 _cCF
999 _c63647
_d63647